Datum a čas kvízu

9 Celkem bodů Celkový počet nahraných bodů na tomto kvízu bez doplňovacích otázek.
4. Pořadí na kvízu Konečné umístění týmu na tomto kvízu.

Zaznamenané odpovědi

# Otázka Odpověď Body Výsledky
1. Státní maturity začaly minulou... 0
2. Anglická motoristická žurnalis... 0
3. Soutěž World Press Photo letos... 0
4. Ministerstvo dopravy vybralo v... 0
5. Minulý týden se začala prodáva... 0
6. Vzpomeňme v tomto tématu na zř... 0
7. Vyberte pravdivé tvrzení o For... 0
8. Jedno z jeho prvních děl bylo... 0
9. Jakou větu pronesl v Přeletu n... 0
10. Pěknou vzpomínku na Formana na... 0